Břeclav - Pohansko. VII., Kostelní pohřebiště na Severovýchodním předhradí /
Uloženo v:
| Série: | Spisy Filozofické fakulty Masarykovy univerzity,
část 455 |
|---|---|
| Hlavní autor: | |
| Další autoři: | , , |
| Médium: | E-kniha |
| Jazyk: | Czech |
| Vydáno: |
Brno :
Filozofická fakulta, Masarykova univerzita,
2016
|
| Vydání: | Vydání první |
| Edice: | Spisy Filozofické fakulty Masarykovy univerzity = Opera Facultatis philosophicae Universitatis Masarykianae,
455 |
| Témata: | |
| On-line přístup: | Plný text (Masarykova univerzita Brno) Plný text - pro registrované uživatele NK ČR Informace o výpůjčkách e-knih |
| Příbuzné jednotky: | Z cyklu::
Spisy Filozofické fakulty Masarykovy univerzity |
| Tagy: |
Žádné tagy |
| LEADER | 03582nam a2200745 i 4500 | ||
|---|---|---|---|
| 001 | 311175 | ||
| 003 | CZ PrSKC | ||
| 005 | 20260601215701.0 | ||
| 007 | ta | ||
| 008 | 170109s2016 xr ae f 000 0 cze | ||
| 015 | |a cnb002867175 | ||
| 020 | |a 9788021084551 |q (vázáno) | ||
| 035 | |a (OCoLC)982110413 | ||
| 040 | |a ABA001 |b cze |e rda | ||
| 041 | 0 | |a cze |b eng | |
| 043 | |a e-xr--- |b e-xr-jm |2 czenas | ||
| 072 | 7 | |a 902 |x Archeologie |2 Konspekt | |
| 080 | |a 902.2 |2 MRF | ||
| 080 | |a 902:904 |2 MRF | ||
| 080 | |a 911.37 |2 MRF | ||
| 080 | |a 718 |2 MRF | ||
| 080 | |a (437.322) |2 MRF | ||
| 080 | |a (048.8:082) |2 MRF | ||
| 080 | |a (083.82) |2 MRF | ||
| 100 | 1 | |a Macháček, Jiří, |d 1971- |7 jn20010906013 |4 aut | |
| 245 | 1 | 0 | |a Břeclav - Pohansko. |n VII., |p Kostelní pohřebiště na Severovýchodním předhradí / |c Jiří Macháček, Petr Dresler, Renáta Přichystalová, Vladimír Sládek |
| 246 | 3 | 0 | |a Kostelní pohřebiště na Severovýchodním předhradí |
| 250 | |a Vydání první | ||
| 264 | 1 | |a Brno : |b Filozofická fakulta, Masarykova univerzita, |c 2016 | |
| 300 | |a 506 stran : |b ilustrace (převážně barevné), plány ; |c 31 cm | ||
| 336 | |a text |b txt |2 rdacontent | ||
| 337 | |a bez média |b n |2 rdamedia | ||
| 338 | |a svazek |b nc |2 rdacarrier | ||
| 490 | 1 | |a Spisy Filozofické fakulty Masarykovy univerzity = |a Opera Facultatis philosophicae Universitatis Masarykianae, |x 1211-3034 ; |v 455 | |
| 500 | |a 450 výtisků | ||
| 504 | |a Obsahuje bibliografii a bibliografické odkazy | ||
| 546 | |a Anglické resumé | ||
| 650 | 0 | 7 | |a archeologické výzkumy |7 ph118577 |z Česko |2 czenas |
| 650 | 0 | 7 | |a archeologické nálezy |7 ph137683 |z Česko |2 czenas |
| 650 | 0 | 7 | |a sídliště (archeologie) |7 ph137685 |z Česko |2 czenas |
| 650 | 0 | 7 | |a pohřebiště |7 ph137684 |z Česko |2 czenas |
| 650 | 0 | 9 | |a excavations (archaeology) |z Czechia |2 eczenas |
| 650 | 0 | 9 | |a antiquities |z Czechia |2 eczenas |
| 650 | 0 | 9 | |a settlements |z Czechia |2 eczenas |
| 650 | 0 | 9 | |a cemeteries |z Czechia |2 eczenas |
| 651 | 7 | |a Pohansko (Česko : archeologická lokalita) |7 ge128579 |2 czenas | |
| 651 | 9 | |a Pohansko (Czechia : archaeological site) |2 eczenas | |
| 655 | 7 | |a kolektivní monografie |7 fd501537 |2 czenas | |
| 655 | 7 | |a katalogy |7 fd132535 |2 czenas | |
| 655 | 9 | |a collective monographs |2 eczenas | |
| 655 | 9 | |a catalogs |2 eczenas | |
| 700 | 1 | |a Dresler, Petr, |d 1978- |7 xx0109768 |4 aut | |
| 700 | 1 | |a Přichystalová, Renáta, |d 1973- |7 jx20100716026 |4 aut | |
| 700 | 1 | |a Sládek, Vladimír, |d 1969- |7 mzk2003187360 |4 aut | |
| 810 | 2 | |a Masarykova univerzita. |b Filozofická fakulta. |t Spisy | |
| 856 | 4 | 1 | |u https://digilib.phil.muni.cz/handle/11222.digilib/136913 |y Plný text (Masarykova univerzita Brno) |4 N |
| 856 | 4 | 0 | |u https://ebookcentral.proquest.com/lib/natl-ebooks/detail.action?docID=5199770 |y Plný text - pro registrované uživatele NK ČR |4 N |
| 856 | 4 | 2 | |u https://www.nkp.cz/katalogy-databaze-digitalni-knihovny/proquest-ebook-central#ProQuestVypujcky |y Informace o výpůjčkách e-knih |4 N |
| 900 | |a ABA001 |b 21 | ||
| 928 | 9 | |a Masarykova univerzita, Filozofická fakulta | |
| 044 | |a xr | ||
| 787 | 0 | 8 | |g 455 |i Z cyklu: |t Spisy Filozofické fakulty Masarykovy univerzity |
| 910 | |a RBIT002 | ||
| 998 | |d 205959 |a https://core.palmknihy.cz/api/books/205959/cover?q98do5 |b https://core.palmknihy.cz/api/books/205959/cover/400?q98do5 |c https://core.palmknihy.cz/api/books/205959/cover/50?q98do5 |e |g 508 |i 9788021084551 |k https://core.palmknihy.cz/api/books/205959/preview.pdf |l |q 49 |r 1 |s https://www.palmknihy.cz/kniha/205959 |t ebook |y 2017 |z 0 |v Spisy Filozofické fakulty Masarykovy univerzity |w 455 | ||
| 999 | |d 311173 | ||